000 00807cab a2200289 4500
001 ABS50186
008 090401t1994 xxu||||| |||| 00| 0 eng d
035 _a(Sirsi) u74536
041 _aeng
100 _aButcher, T.
245 _aArchitects` liability abroad
260 _c1994
350 _a0
490 _aArchitects` Journal
_v199(7) 16 February 1994, 30-31(2)
520 _aConsiders architects` liability in France and Germany. Tabulates comparative limitation periods.
650 _aARCHITECTS
650 _aDAMAGES
650 _aEUROPE
650 _aFRANCE
650 _aGERMANY
650 _aLIABILITY
650 _aLIMITATION PERIODS
650 _aTHIRD-PARTY CLAIMS
690 _aMANAGEMENT-BUSINESS MANAGEMENT-PROFESSIONAL PRACTICE
942 _n0
948 _c04/03/1997
999 _c46990
_d46990